| 000 | 00370nam a2200145Ia 4500 | ||
|---|---|---|---|
| 008 | 220928s9999 xx 000 0 und d | ||
| 020 | _a9788131795682 | ||
| 082 | _bPUR | ||
| 100 | _aPURI, S.P. | ||
| 245 | 0 | _aGENERAL THEORY OF RELATIVITY | |
| 260 |
_bPEARSON INDIA EDUCATION SERVIVE PVT. LTD., NOIDA _c2013 |
||
| 300 | _a352 | ||
| 650 | _aMathematics | ||
| 942 | _cBK | ||
| 999 |
_c207044 _d207044 |
||